Statistics for Movies by Screenshot

Click here to take the quiz!

General Stats

  • This quiz has been taken 46,686 times
    (45,617 since last reset)
  • The average score is 11 of 16

Answer Stats

Answer% Correct
The Lion King
99%
Titanic
99%
Pirates of the Caribbean: The Curse of the Black Pearl
94%
Forrest Gump
92%
E.T. the Extra-Terrestrial
86%
The Matrix
80%
Lady and the Tramp
77%
Avatar
74%
The Shining
73%
The Sound of Music
70%
Brokeback Mountain
62%
Spider-Man: Into the Spider-Verse
61%
Mary Poppins
52%
The Grand Budapest Hotel
44%
Love Actually
40%
A Beautiful Mind
37%

Score Distribution

Percentile by Number Answered

Percent of People with Each Score

Your Score History

You have not taken this quiz since the last reset